000
00352nam a2200157Ia 4500
005
20250425160856.0
008
250425s9999 xx 000 0 und d
041
_a
eng
082
_a
666
245
0
_a
CERAMICS FORN THE ARCHAEOLOGIST
250
_a
S.E.
260
_a
Estados Unidos
_b
S.E.
_c
1980
260
_a
S.L.
942
_c
01
010
_a
7391
999
_c
197975
_d
197975